000 00604nam a2200217Ia 4500
005 20250508154652.0
008 008 250505s9999 xx 000 0 eng d
037 _aTextual
040 _aFEDL
_beng
_cFEDL
041 _aeng
_2eng
084 _a373, BEN
_qFEDL
100 _aBent Rudyard K
245 0 _aPrinciples of secondary education
250 _a5th
260 _aNew York, USA
_bMcGraw-Hill Book Company
_c1966
300 _avi,423p.
490 _aMcGraw-Hill in education
700 _a Kronenberg Henry H
_9765817
942 _cTEXL
_h373, BEN
999 _c1351503
_d1351503